000 00569nam a2200217Ia 4500
999 _c35531
_d35531
001 1392
003 GE_BSU
005 20221116101603.0
008 181216s2009en xx |||||||||||||| ||eng||
020 _a9780194557085 x
040 _cGE_BSU
041 _aeng
080 _a811.111 C-67
100 _aNorman,Coe.
_915844
245 _aLiving Grammar /
_cCoe Norman .
264 _aOxford :
_bIntermediate,
_c2009.
300 _a156 p.:
_b22 cm.
653 _aLiving Grammar
653 _aინგლისური გრამატიკა
942 _cBK
_2udc